000 00468nam a2200169Ia 4500
005 20250923144451.0
008 008 250917s9999 xx 000 0 eng d
037 _aReference
040 _aDSWL
_beng
_cDSWL
041 _aeng
_2eng
084 _qDSWL
100 _aKurtz, Rusell . H
_9825194
245 0 _aSocial work year book
_cby Rusell H Kurtz
260 _aNew York
_b Russell Sage Foundation
_c1937
942 _cREF
999 _c1439234
_d1439234